000 00569nam a2200229Ia 4500
003 OSt
005 20220918194609.0
006 a|||||r|||| 00| 0
007 ta
008 220917b |||||||| |||| 00| 0 eng d
024 _a80,414
037 _cTextual
040 _aARTS
_cARTS
_beng
041 _2eng
_aeng
082 _aS:51, K9
100 _aGosling J C B
245 0 _aPleasure and desire
_b The case for Hedonism reviewed
260 _c1969
650 _aPSYCHOLOGY
942 _hS:51, K9
_cTEXL
_2CC
999 _c204140
_d204140